Διερεύνηση της δυνατότητας εφαρμογής συστήματος ολοκληρωμένης διαχείρισης στην καλλιέργεια της μαστίχας : μεταπτυχιακή διατριβή

Αποθηκεύτηκε σε:
Λεπτομέρειες βιβλιογραφικής εγγραφής
Κύριος συγγραφέας: Βούλγαρη, Άννα
Συγγραφή απο Οργανισμό/Αρχή: Πανεπιστήμιο Αιγαίου Σχολή Περιβάλλοντος Τμήμα Περιβάλλοντος Πρόγραμμα Μεταπτυχιακών Σπουδών Γεωργία και Περιβάλλον
Άλλοι συγγραφείς: Ευαγγελινός, Κωνσταντίνος (Εισηγητής διατριβής)
Μορφή: Thesis Βιβλίο
Γλώσσα:Greek
Δημοσίευση: Μυτιλήνη : Πανεπιστήμιο Αιγαίου, Τμήμα Περιβάλλοντος, 2005
Θέματα:
Ετικέτες: Προσθήκη ετικέτας
Δεν υπάρχουν, Καταχωρήστε ετικέτα πρώτοι!

MARC

LEADER 00000cam a2200000 i 4500
001 1/22937
008 060126s2005 gre d
035 |l 10082284 
040 |a GR-MY-UA  |b gre  |e aacr 
041 0 |a gre 
082 0 |a 338.1  |2 (22) 
100 1 |a Βούλγαρη, Άννα. 
245 1 0 |a Διερεύνηση της δυνατότητας εφαρμογής συστήματος ολοκληρωμένης διαχείρισης στην καλλιέργεια της μαστίχας :  |b μεταπτυχιακή διατριβή /  |c Βούλγαρη Άννα ; υπεύθυνος καθηγητής Ευαγγελινός Κ. 
260 |a Μυτιλήνη :   |b Πανεπιστήμιο Αιγαίου, Τμήμα Περιβάλλοντος,   |c 2005 
300 |a 156 σ.;  |b χάρτης, πιν.;  |c 30 εκ. 
500 |a Υπάρχει ψηφιακό αντίγραφο. 
502 # # |a Διατριβή (μεταπτυχιακή) – Πανεπιστήμιο Αιγαίου, Λέσβος, 2003. 
504 |a Βιβλιογραφία: 130-133 
650 0 0 |a Sustainable agriculture  |z Greece  |z Chios Island. 
650 0 0 |a Pistacia  |z Greece  |z Chios Island. 
650 0 0 |a Agriculture  |z Greece  |z Chios Island. 
650 0 0 |a Dissertations, Academic  |z Greece. 
700 1 |a Ευαγγελινός, Κωνσταντίνος.  |4 ths 
710 2 |a Πανεπιστήμιο Αιγαίου  |b Σχολή Περιβάλλοντος  |b Τμήμα Περιβάλλοντος  |b Πρόγραμμα Μεταπτυχιακών Σπουδών Γεωργία και Περιβάλλον. 
852 |a INST  |b LESVOS  |c DIATR  |e 20060126  |h 69  |p 005100034492  |q 005100034492  |t MTXE  |y 23 
852 |a INST  |b LESVOS  |c DIATR  |e 20060126  |h 70  |p 005100034476  |q 005100034476  |t MTXE  |y 23 
901 |a BIBL1-2006-1 
909 |a Λ  |b 125382 
909 |a Λ  |b 125383 
924 |a ΒΟΥΛΓΑΡΗ  |b ΑΝΝΑ  |y ΛΕΣΒΟΣ  |z 2005-11 
970 |a ΜΑΡΙΝΑΤΟΥ  |b ΜΥΡΣΙΝΗ  |z 2006/01/26